[Event "C.to Italiano Semifinale"]
[Site "Arvier ITA"]
[Date "2009.10.03"]
[Round "8"]
[White "Dvirnyy, Danyyil"]
[Black "Shytaj, Luca"]
[Result "1/2-1/2"]
[WhiteElo "2447"]
[BlackElo "2481"]
[PlyCount "135"]
[EventDate "2009.09.26"]

1. e4 c5 2. c3 Nf6 3. e5 Nd5 4. d4 cxd4 5. Nf3 Nc6 6. cxd4 d6 7. Bc4 Nb6 8. Bb3
dxe5 9. d5 Na5 10. Nc3 Bg4 11. h3 Nxb3 12. axb3 Bxf3 13. Qxf3 g6 14. Qe2 Bg7
15. Qb5+ Nd7 16. Qxb7 Rb8 17. Qxa7 Rxb3 18. Ra3 Rb8 19. O-O O-O 20. Bg5 h6 21.
Be3 Rxb2 22. Rd1 Qc8 23. d6 exd6 24. Rxd6 Nf6 25. Qa6 Qxa6 26. Raxa6 Rc8 27.
Na4 Ra2 28. Nc5 Rxa6 29. Nxa6 Ne4 30. Rb6 h5 31. Rb8 Rxb8 32. Nxb8 f5 33. Nc6
Nc3 34. f3 Nd5 35. Bd2 Kf7 36. Nb4 Ke6 37. Nxd5 Kxd5 38. Kf2 Bf8 39. Ke2 Bc5
40. Bc3 Bd4 41. Bd2 e4 42. Bf4 Be5 43. Be3 Bg3 44. Bd2 Bh2 45. Be3 Ke5 46. Bb6
Kd5 47. Be3 Bd6 48. Bd2 Ke6 49. Be3 Kf6 50. Bd2 Ke5 51. Be3 f4 52. Bc1 e3 53.
Bb2+ Kf5 54. Bc3 g5 55. Ba5 Ba3 56. Bc3 Bc5 57. Ba5 g4 58. hxg4+ hxg4 59. Bc3
Kg5 60. Ba5 Ba3 61. Bd8+ Kf5 62. Ba5 Bc1 63. Bc7 Bb2 64. g3 Be5 65. Bxe5 Kxe5
66. gxf4+ Kxf4 67. fxg4 Kxg4 68. Kxe3 1/2-1/2

[Event "C.to Italiano Semifinale"]
[Site "Arvier ITA"]
[Date "2009.10.03"]
[Round "8"]
[White "Genocchio, Daniele"]
[Black "Sibilio, Mario"]
[Result "1/2-1/2"]
[WhiteElo "2455"]
[BlackElo "2345"]
[PlyCount "23"]
[EventDate "2009.09.26"]

1. e4 d6 2. d4 Nf6 3. Nc3 Nc6 4. Bg5 a6 5. Be2 e6 6. f4 Be7 7. e5 dxe5 8. dxe5
Nd5 9. Bxe7 Qxe7 10. Qd2 Qc5 11. Nxd5 exd5 12. Bd3 1/2-1/2

[Event "C.to Italiano Semifinale"]
[Site "Arvier ITA"]
[Date "2009.10.03"]
[Round "8"]
[White "Govoni, Fausto"]
[Black "Ricci, Marco"]
[Result "1/2-1/2"]
[WhiteElo "2210"]
[BlackElo "2128"]
[PlyCount "96"]
[EventDate "2009.09.26"]

1. e4 e6 2. Qe2 c5 3. g3 Nc6 4. c3 d5 5. d3 dxe4 6. dxe4 Nf6 7. Bg2 Ne5 8. Na3
Nd3+ 9. Kf1 Nxc1 10. Rxc1 a6 11. e5 Nd5 12. Be4 Qc7 13. Nf3 Bd7 14. Kg2 Bc6 15.
Rhe1 Be7 16. h4 h6 17. h5 O-O-O 18. Nc4 Kb8 19. Ncd2 Rhg8 20. a3 f5 21. Bb1 g5
22. hxg6 Rxg6 23. Kh2 Bg5 24. Rcd1 Rgg8 25. Nf1 Qf7 26. Ng1 h5 27. c4 Nb6 28.
Rxd8+ Bxd8 29. b4 h4 30. b5 hxg3+ 31. Nxg3 Rh8+ 32. Nh3 axb5 33. cxb5 Bd5 34.
f4 Qh7 35. Qf1 Bh4 36. Re3 Nc4 37. Rd3 Nb2 38. Rc3 Nc4 39. Rd3 Nb2 40. Rc3 Nc4
41. Rd3 Bxg3+ 42. Rxg3 Nd2 43. Qd1 Nxb1 44. Qxb1 b6 45. Qg1 Bb7 46. Qd1 Bd5 47.
Qg1 Bb7 48. Qd1 Bd5 1/2-1/2

[Event "C.to Italiano Semifinale"]
[Site "Arvier ITA"]
[Date "2009.10.03"]
[Round "8"]
[White "Martorelli, Antonio"]
[Black "Rota, Simone"]
[Result "0-1"]
[WhiteElo "2228"]
[BlackElo "2025"]
[PlyCount "92"]
[EventDate "2009.09.26"]

1. e4 c5 2. Nf3 d6 3. d4 cxd4 4. Nxd4 Nf6 5. Nc3 e6 6. Bb5+ Bd7 7. Qe2 a6 8.
Bd3 Be7 9. f4 Nc6 10. Nf3 e5 11. f5 Qb6 12. a3 O-O 13. Be3 Qc7 14. g4 Nxg4 15.
Nd5 Qd8 16. Bb6 Qc8 17. O-O-O Nf6 18. Rhg1 Nxd5 19. exd5 Na7 20. Qe3 Bxf5 21.
Bxa7 Bxd3 22. Rxd3 f5 23. Bb6 Qe8 24. Ng5 Bxg5 25. Qxg5 Rf7 26. Rc3 Rc8 27.
Rgg3 Rxc3 28. Rxc3 g6 29. h4 f4 30. h5 Kg7 31. Bd8 f3 32. Bf6+ Rxf6 33. h6+ Kf7
34. Rc7+ Qe7 35. Rxe7+ Kxe7 36. Qg1 f2 37. Qf1 g5 38. Kd2 g4 39. Qc4 f1=Q 40.
Qc7+ Ke8 41. Qc8+ Kf7 42. Qd7+ Kg6 43. Qxg4+ Kxh6 44. Qh4+ Kg7 45. Qg5+ Rg6 46.
Qe7+ Qf7 0-1

[Event "C.to Italiano Semifinale"]
[Site "Arvier ITA"]
[Date "2009.10.03"]
[Round "8"]
[White "Molina, Fabrizio"]
[Black "Vezzosi, Paolo"]
[Result "0-1"]
[WhiteElo "2239"]
[BlackElo "2381"]
[PlyCount "80"]
[EventDate "2009.09.26"]

1. Nf3 d5 2. d4 c6 3. g3 Bf5 4. Bg2 Nf6 5. O-O e6 6. c4 Be7 7. Nc3 O-O 8. b3
Nbd7 9. Bb2 Ne4 10. Nd2 Nxc3 11. Bxc3 Qc7 12. e4 dxe4 13. Nxe4 Nf6 14. Nxf6+
Bxf6 15. Qe2 Rad8 16. Rad1 Rd7 17. g4 Bg6 18. f4 h6 19. Qe3 Rfd8 20. Rd2 Qb6
21. c5 Qc7 22. b4 Bh7 23. g5 hxg5 24. fxg5 Be7 25. Rdf2 Bf5 26. Rxf5 exf5 27.
Rxf5 Bf8 28. g6 fxg6 29. Qe6+ Rf7 30. Rf3 Qe7 31. Bh3 Qg5+ 32. Kf2 Qh4+ 33. Kg2
Rdd7 34. Qxd7 Rxd7 35. Bxd7 Qe4 36. h3 Be7 37. Bg4 Bh4 38. a3 Qe2+ 39. Kg1 Bg5
40. Rf2 Qe3 0-1

[Event "C.to Italiano Semifinale"]
[Site "Arvier ITA"]
[Date "2009.10.03"]
[Round "8"]
[White "Ortega, Lexy"]
[Black "Rettore, Ludwig"]
[Result "1-0"]
[WhiteElo "2437"]
[BlackElo "2175"]
[PlyCount "61"]
[EventDate "2009.09.26"]

1. Nf3 Nf6 2. c4 g6 3. d4 c5 4. d5 b5 5. Qc2 b4 6. e4 d6 7. a3 bxa3 8. Rxa3 Bg7
9. Nc3 O-O 10. Be2 Na6 11. O-O Nb4 12. Qd1 Nd7 13. Be3 h6 14. Qd2 Kh7 15. h4
Nb6 16. h5 Bg4 17. Nh4 Bxe2 18. Qxe2 Qd7 19. Nd1 Bf6 20. hxg6+ fxg6 21. Nf3 Bg7
22. Nh2 Rf7 23. Bc1 Raf8 24. Rh3 Rh8 25. Nf3 Kg8 26. Nh4 Be5 27. Nxg6 Rg7 28.
Qh5 Qxh3 29. gxh3 Kf7 30. f4 Rxg6+ 31. Kh1 1-0

[Event "C.to Italiano Semifinale"]
[Site "Arvier ITA"]
[Date "2009.10.03"]
[Round "8"]
[White "Pepino, Enrico"]
[Black "Marguerettaz, Davy"]
[Result "1-0"]
[WhiteElo "2128"]
[BlackElo "2049"]
[PlyCount "67"]
[EventDate "2009.09.26"]

1. e4 c6 2. d4 d5 3. exd5 cxd5 4. Bd3 Nc6 5. c3 Nf6 6. Bf4 Bg4 7. Qb3 Qc8 8.
Nd2 Bh5 9. Ngf3 Bg6 10. Bxg6 hxg6 11. O-O Nh5 12. Bg3 e6 13. Rae1 Nxg3 14. fxg3
Be7 15. Qd1 Qc7 16. b4 O-O 17. Re3 b5 18. Qe1 a5 19. a3 axb4 20. axb4 Ra3 21.
g4 g5 22. Nb1 Ra1 23. Qe2 Qb6 24. Qe1 Rfa8 25. h4 gxh4 26. g5 e5 27. Qxh4 exd4
28. Nxd4 Nxd4 29. cxd4 Bxb4 30. Rh3 Kf8 31. Qh8+ Ke7 32. Qxg7 Qg6 33. Re3+ Kd6
34. Rf6+ 1-0

[Event "C.to Italiano Semifinale"]
[Site "Arvier ITA"]
[Date "2009.10.03"]
[Round "8"]
[White "Pompilio, Gaetano"]
[Black "Bentivegna, Francesco"]
[Result "0-1"]
[WhiteElo "1927"]
[BlackElo "2349"]
[PlyCount "110"]
[EventDate "2009.09.26"]

1. e3 g6 2. d4 Bg7 3. Bd3 d6 4. f4 Nf6 5. Nf3 O-O 6. e4 c5 7. c3 Bg4 8. e5 Nfd7
9. O-O cxd4 10. cxd4 Nc6 11. Be4 Qb6 12. Bxc6 bxc6 13. Qb3 c5 14. Qxb6 axb6 15.
exd6 exd6 16. dxc5 dxc5 17. Nc3 Rfe8 18. Kf2 Nf6 19. h3 Be6 20. Re1 Nd5 21.
Nxd5 Bxd5 22. Rxe8+ Rxe8 23. Bd2 Ra8 24. Bc3 Bxc3 25. bxc3 Bc6 26. Ne1 b5 27.
Rc1 Rxa2+ 28. Rc2 Rxc2+ 29. Nxc2 Kf8 30. g3 Ke7 31. Ke3 Ke6 32. g4 Bg2 33. h4
Kd5 34. Na3 Bf1 35. Kf2 Bd3 36. Ke3 Bf1 37. Nc2 Bc4 38. Kf3 Bd3 39. Ne3+ Kd6
40. Kf2 b4 41. cxb4 cxb4 42. Nd1 Kd5 43. Ke3 Bb5 44. Nb2 Ba6 45. h5 gxh5 46.
gxh5 Bb5 47. f5 Ke5 48. f6 Kxf6 49. Kd4 Kg5 50. Kc5 Be2 51. Kxb4 Kxh5 52. Kc3
Kg4 53. Kd2 Kf3 54. Na4 h5 55. Nc3 Ba6 0-1

[Event "C.to Italiano Semifinale"]
[Site "Arvier ITA"]
[Date "2009.10.03"]
[Round "8"]
[White "Scalcione, Michelangelo"]
[Black "Sarno, Spartaco"]
[Result "1/2-1/2"]
[WhiteElo "2387"]
[BlackElo "2324"]
[PlyCount "152"]
[EventDate "2009.09.26"]

1. Nf3 Nf6 2. c4 g6 3. Nc3 Bg7 4. e4 O-O 5. d4 c6 6. Be2 d5 7. e5 Ne4 8. Qb3
Nxc3 9. bxc3 dxc4 10. Bxc4 c5 11. e6 fxe6 12. Bxe6+ Kh8 13. h4 Bxe6 14. Qxe6
Qa5 15. Bd2 cxd4 16. cxd4 Qf5 17. Qxf5 Rxf5 18. Rb1 Nc6 19. Rxb7 Nxd4 20. Rxe7
Nxf3+ 21. gxf3 Re5+ 22. Rxe5 Bxe5 23. h5 Kg7 24. hxg6 hxg6 25. Rh4 Re8 26. Re4
Kf7 27. Be3 a6 28. Ke2 Re6 29. Kd3 Bf6 30. Kc4 Be7 31. Bc5 Bxc5 32. Kxc5 Rf6
33. f4 Kg7 34. a4 Kh6 35. Kd4 Rf5 36. Ke3 Rc5 37. Re6 Ra5 38. f5 Rxf5 39. Rxa6
Re5+ 40. Kf3 Rf5+ 41. Kg3 Rg5+ 42. Kf3 Rf5+ 43. Kg2 Rg5+ 44. Kf1 Rg4 45. Ke2
Re4+ 46. Kd3 Rf4 47. Ke3 Rb4 48. Kf3 Kg5 49. Ra5+ Kf6 50. Kg3 Kg7 51. Ra6 Kh6
52. f4 Kh5 53. Ra5+ Kh6 54. Kg4 Rb3 55. Rb5 Ra3 56. Rb4 Kg7 57. Rc4 Kf6 58.
Rc6+ Kg7 59. Rc7+ Kf6 60. Ra7 Rb3 61. Ra6+ Kg7 62. Re6 Ra3 63. Re4 Kf6 64. Rb4
Kf7 65. Rc4 Kf6 66. Re4 Kf7 67. f5 gxf5+ 68. Kxf5 Ra1 69. Kf4 Ra3 70. Ke5 Rd3
71. Rb4 Ke7 72. a5 Kd7 73. Rc4 Rd1 74. Rc5 Re1+ 75. Kd5 Rd1+ 76. Ke4 Kd6
1/2-1/2

[Event "C.to Italiano Semifinale"]
[Site "Arvier ITA"]
[Date "2009.10.03"]
[Round "8"]
[White "Valsecchi, Alessio"]
[Black "Contin, Daniel"]
[Result "1/2-1/2"]
[WhiteElo "2361"]
[BlackElo "2291"]
[PlyCount "33"]
[EventDate "2009.09.26"]

1. e4 c6 2. d4 d5 3. Nc3 dxe4 4. Nxe4 Bf5 5. Ng3 Bg6 6. Nf3 Nd7 7. h4 h6 8. h5
Bh7 9. Bd3 Bxd3 10. Qxd3 e6 11. Bf4 Qa5+ 12. Bd2 Qc7 13. O-O-O O-O-O 14. Kb1
Ngf6 15. Ne4 Nxe4 16. Qxe4 Nf6 17. Qe2 1/2-1/2

[Event "C.to Italiano Semifinale"]
[Site "Arvier ITA"]
[Date "2009.10.04"]
[Round "9"]
[White "Astengo, Marcello"]
[Black "Martorelli, Antonio"]
[Result "0-1"]
[WhiteElo "2134"]
[BlackElo "2228"]
[PlyCount "66"]
[EventDate "2009.09.26"]

1. d4 Nf6 2. c4 g6 3. Nc3 Bg7 4. e4 d6 5. f3 e5 6. d5 Nh5 7. Be3 f5 8. exf5
gxf5 9. f4 Nxf4 10. Bxf4 exf4 11. Qh5+ Kf8 12. O-O-O Na6 13. Nf3 Nc5 14. Bd3
Qf6 15. Ng5 Qg6 16. Be2 Bd7 17. Rhf1 Be8 18. g4 Bxc3 19. bxc3 Qg7 20. Ne6+ Nxe6
21. Qxf5+ Kg8 22. dxe6 Qxc3+ 23. Qc2 Qxc2+ 24. Kxc2 Ba4+ 25. Kc3 Bxd1 26. Bxd1
Re8 27. c5 d5 28. c6 bxc6 29. Re1 Kg7 30. g5 h6 31. h4 hxg5 32. hxg5 Rh3+ 33.
Kd4 Re3 0-1

[Event "C.to Italiano Semifinale"]
[Site "Arvier ITA"]
[Date "2009.10.04"]
[Round "9"]
[White "Bentivegna, Francesco"]
[Black "Parrella, Alfredo"]
[Result "1-0"]
[WhiteElo "2349"]
[BlackElo "2089"]
[PlyCount "65"]
[EventDate "2009.09.26"]

1. e4 e5 2. Nf3 Nc6 3. Bc4 Bc5 4. b4 Bxb4 5. c3 Ba5 6. d4 exd4 7. Qb3 Qf6 8.
O-O Bb6 9. e5 Qg6 10. cxd4 Na5 11. Qc3 Nxc4 12. Qxc4 Ne7 13. a4 c6 14. Nc3 O-O
15. Re1 d5 16. exd6 Nf5 17. Ne5 Qe6 18. d5 cxd5 19. Nxd5 Nxd6 20. Qa2 Ba5 21.
Re2 Re8 22. Ba3 Nf5 23. Rd1 g6 24. Nxg6 hxg6 25. Rxe6 Bxe6 26. Qc4 Rad8 27. Qb5
b6 28. Ne3 Nxe3 29. Rxd8 Rxd8 30. fxe3 Rd1+ 31. Kf2 Be1+ 32. Kf3 Bd7 33. Qb3
1-0

[Event "C.to Italiano Semifinale"]
[Site "Arvier ITA"]
[Date "2009.10.04"]
[Round "9"]
[White "Contin, Daniel"]
[Black "Sibilio, Mario"]
[Result "0-1"]
[WhiteElo "2291"]
[BlackElo "2345"]
[PlyCount "88"]
[EventDate "2009.09.26"]

1. c4 Nf6 2. Nf3 g6 3. b3 Bg7 4. Bb2 O-O 5. g3 a5 6. Bg2 d6 7. O-O e5 8. Nc3
Na6 9. d4 exd4 10. Nxd4 Nc5 11. a3 Re8 12. Qc2 c6 13. Rad1 Qb6 14. e3 Re7 15.
h3 Ne8 16. Nce2 f5 17. Kh2 Bd7 18. Rb1 Nf6 19. b4 axb4 20. axb4 Nce4 21. Bc1
Ne8 22. Kg1 Qd8 23. g4 c5 24. Nb5 Nc7 25. f3 Nf6 26. Nxd6 Ba4 27. Qd2 cxb4 28.
Nxb7 Qxd2 29. Bxd2 Bc2 30. Rxb4 Bd3 31. Kf2 fxg4 32. hxg4 Rf7 33. c5 Ra2 34.
Rd1 Na6 35. Nd6 Bxe2 36. Kxe2 Nxb4 37. Nxf7 Kxf7 38. Rb1 Nfd5 39. Ke1 Nd3+ 40.
Kd1 Nc3+ 41. Bxc3 Bxc3 42. Rb7+ Ke8 43. Rb8+ Kd7 44. Rb7+ Kd8 0-1

[Event "C.to Italiano Semifinale"]
[Site "Arvier ITA"]
[Date "2009.10.04"]
[Round "9"]
[White "De Santis, Alessio"]
[Black "Rota, Simone"]
[Result "1-0"]
[WhiteElo "2309"]
[BlackElo "2025"]
[PlyCount "77"]
[EventDate "2009.09.26"]

1. f4 d5 2. Nf3 g6 3. g3 Bg7 4. Bg2 Nf6 5. c3 O-O 6. O-O c5 7. d3 Nc6 8. Qe1 b6
9. e4 e6 10. e5 Nd7 11. d4 cxd4 12. cxd4 Ba6 13. Rf2 Rc8 14. Bd2 Re8 15. g4 f6
16. Na3 Bd3 17. Qe3 Be4 18. Nb5 Bf8 19. Nc3 f5 20. gxf5 Bxf3 21. Bxf3 gxf5 22.
Kh1 Kh8 23. Bh5 Re7 24. Rg1 Rg7 25. Rxg7 Bxg7 26. Nb5 Qh4 27. Bd1 Nf8 28. Nd6
Rb8 29. Be1 Qe7 30. Rg2 Nd8 31. Bh5 Nb7 32. Nf7+ Kg8 33. Nh6+ Kh8 34. Nf7+ Kg8
35. Ng5 Nd8 36. Bh4 Qc7 37. Nf3 Kh8 38. Qg1 Rb7 39. Rxg7 1-0

[Event "C.to Italiano Semifinale"]
[Site "Arvier ITA"]
[Date "2009.10.04"]
[Round "9"]
[White "Messina, Giuseppe Ottavio"]
[Black "Pompilio, Gaetano"]
[Result "1-0"]
[WhiteElo "2076"]
[BlackElo "1927"]
[PlyCount "63"]
[EventDate "2009.09.26"]

1. e4 b6 2. d4 Bb7 3. Bd3 e6 4. Nf3 Nf6 5. Qe2 Be7 6. a3 d5 7. e5 Nfd7 8. Be3
c5 9. c3 a5 10. Nbd2 cxd4 11. cxd4 O-O 12. O-O Ba6 13. Rac1 Ra7 14. Rc3 Bxd3
15. Qxd3 Rc7 16. Rfc1 Rxc3 17. Rxc3 f6 18. exf6 Bxf6 19. Qb5 Qe7 20. g3 Qd6 21.
Kg2 Bd8 22. Bf4 Qe7 23. Rc8 h6 24. Bxb8 Nxb8 25. Rxb8 Qc7 26. Ra8 Qb7 27. Qa6
Qc6 28. Rc8 Qd6 29. Ne5 Bc7 30. Qa8 Rxc8 31. Qxc8+ Bd8 32. Nc6 1-0

[Event "C.to Italiano Semifinale"]
[Site "Arvier ITA"]
[Date "2009.10.04"]
[Round "9"]
[White "Molina, Fabrizio"]
[Black "Govoni, Fausto"]
[Result "1/2-1/2"]
[WhiteElo "2239"]
[BlackElo "2210"]
[PlyCount "94"]
[EventDate "2009.09.26"]

1. Nf3 f5 2. c4 Nf6 3. g3 d6 4. Bg2 e5 5. d3 g6 6. Nc3 Bg7 7. Rb1 O-O 8. O-O c6
9. b4 h6 10. c5 dxc5 11. Qb3+ Kh7 12. Nxe5 cxb4 13. Qxb4 Nd5 14. Nxd5 Bxe5 15.
Qe7+ Qxe7 16. Nxe7 b6 17. Nxc6 Nxc6 18. Bxc6 Rb8 19. Rb5 Bd6 20. Bf4 Bxf4 21.
gxf4 Bb7 22. Bxb7 Rxb7 23. Rc1 Rd8 24. Re5 Rd4 25. Rc6 Ra4 26. Ree6 Rxa2 27. d4
Rd2 28. e3 b5 29. Rxg6 b4 30. Rxh6+ Kg7 31. Rcg6+ Kf8 32. Rh8+ Kf7 33. Rgh6 Rb5
34. R8h7+ Kg8 35. Rh8+ Kf7 36. R8h7+ Kg8 37. Rxa7 b3 38. Rg6+ Kh8 39. Rh6+ Kg8
40. Rg6+ Kh8 41. Re6 Rb8 42. Rh6+ Kg8 43. Rah7 Rb5 44. Rh8+ Kf7 45. R8h7+ Kg8
46. Rh8+ Kf7 47. R8h7+ Kg8 1/2-1/2

[Event "C.to Italiano Semifinale"]
[Site "Arvier ITA"]
[Date "2009.10.04"]
[Round "9"]
[White "Piscopo, Pierluigi"]
[Black "Dvirnyy, Danyyil"]
[Result "1/2-1/2"]
[WhiteElo "2432"]
[BlackElo "2447"]
[PlyCount "24"]
[EventDate "2009.09.26"]

1. Nf3 Nf6 2. g3 g6 3. Bg2 Bg7 4. O-O O-O 5. c4 Nc6 6. Nc3 d6 7. d3 e5 8. Rb1
a5 9. a3 h6 10. b4 axb4 11. axb4 Be6 12. b5 Ne7 1/2-1/2

[Event "C.to Italiano Semifinale"]
[Site "Arvier ITA"]
[Date "2009.10.04"]
[Round "9"]
[White "Rettore, Ludwig"]
[Black "Codenotti, Marco"]
[Result "1/2-1/2"]
[WhiteElo "2175"]
[BlackElo "2122"]
[PlyCount "25"]
[EventDate "2009.09.26"]

1. d4 Nf6 2. Nf3 e6 3. Bg5 c5 4. e3 Be7 5. Bd3 b6 6. O-O Nc6 7. c3 Bb7 8. Nbd2
d5 9. Ne5 Nxe5 10. dxe5 Nd7 11. Bxe7 Qxe7 12. f4 O-O-O 13. a4 1/2-1/2

[Event "C.to Italiano Semifinale"]
[Site "Arvier ITA"]
[Date "2009.10.04"]
[Round "9"]
[White "Ricci, Marco"]
[Black "Vespe, Francesco"]
[Result "0-1"]
[WhiteElo "2128"]
[BlackElo "1976"]
[PlyCount "58"]
[EventDate "2009.09.26"]

1. e4 e6 2. d4 d5 3. Nd2 Nf6 4. e5 Nfd7 5. Bd3 c5 6. c3 Nc6 7. Ne2 Qb6 8. Nf3
f6 9. exf6 Nxf6 10. O-O Bd6 11. dxc5 Bxc5 12. b4 Bxf2+ 13. Rxf2 Ng4 14. Qf1 O-O
15. Ned4 e5 16. Bxh7+ Kh8 17. h3 Nxf2 18. Qxf2 Kxh7 19. Ng5+ Kg8 20. Qh4 Bf5
21. Be3 exd4 22. Rf1 Bd3 23. Rxf8+ Rxf8 24. Bf2 Rxf2 25. Kxf2 dxc3+ 26. Kf3
Ne5+ 27. Kg3 Qf6 28. Qh5 Bg6 29. Qh4 Nf7 0-1

[Event "C.to Italiano Semifinale"]
[Site "Arvier ITA"]
[Date "2009.10.04"]
[Round "9"]
[White "Rombaldoni, Axel"]
[Black "Valsecchi, Alessio"]
[Result "1/2-1/2"]
[WhiteElo "2451"]
[BlackElo "2361"]
[PlyCount "53"]
[EventDate "2009.09.26"]

1. e4 e5 2. Nf3 Nc6 3. Bb5 a6 4. Ba4 Nf6 5. d3 d6 6. c3 Be7 7. Nbd2 b5 8. Bc2
O-O 9. a4 Bb7 10. O-O Re8 11. d4 exd4 12. cxd4 Nb4 13. Bb1 d5 14. e5 Ne4 15.
Re1 f5 16. Qb3 Kh8 17. e6 Nc6 18. axb5 axb5 19. Rxa8 Bxa8 20. Qxb5 Bf6 21. Ba2
Nxd4 22. Nxd4 Bxd4 23. Nxe4 fxe4 24. Rd1 c6 25. Qa4 Bf6 26. Qa6 Qe7 27. b4
1/2-1/2

[Event "C.to Italiano Semifinale"]
[Site "Arvier ITA"]
[Date "2009.10.04"]
[Round "9"]
[White "Sarno, Spartaco"]
[Black "Pepino, Enrico"]
[Result "1/2-1/2"]
[WhiteElo "2324"]
[BlackElo "2128"]
[PlyCount "30"]
[EventDate "2009.09.26"]

1. c4 Nf6 2. Nc3 g6 3. g3 Bg7 4. Bg2 O-O 5. Nf3 c5 6. d4 d6 7. O-O Nc6 8. dxc5
dxc5 9. Be3 Be6 10. Bxc5 Qa5 11. b4 Nxb4 12. Bxe7 Rfe8 13. Bxb4 Qxb4 14. Nd5
Qa5 15. Ne1 Nxd5 1/2-1/2

[Event "C.to Italiano Semifinale"]
[Site "Arvier ITA"]
[Date "2009.10.04"]
[Round "9"]
[White "Vezzosi, Paolo"]
[Black "Scalcione, Michelangelo"]
[Result "1/2-1/2"]
[WhiteElo "2381"]
[BlackElo "2387"]
[PlyCount "83"]
[EventDate "2009.09.26"]

1. c4 c5 2. Nf3 g6 3. Nc3 Bg7 4. g3 Nc6 5. Bg2 e5 6. O-O Nge7 7. Ne1 d6 8. Nc2
Be6 9. Ne3 Qd7 10. Ned5 h5 11. d3 h4 12. e3 Bh3 13. Qf3 Bg4 14. Nf6+ Bxf6 15.
Qxf6 Rh7 16. Ne4 O-O-O 17. f3 Be6 18. g4 h3 19. Bh1 Ng8 20. Qg5 Rf8 21. Nf6
Nxf6 22. Qxf6 Ne7 23. e4 Ng8 24. Qg5 f5 25. f4 fxg4 26. Be3 exf4 27. Bxf4 Rhf7
28. Rf2 Ne7 29. Raf1 Nc6 30. Bg3 Nd4 31. Qd2 Rxf2 32. Rxf2 Rxf2 33. Qxf2 Nc6
34. e5 dxe5 35. Qf8+ Qd8 36. Qxc5 Qxd3 37. Bxc6 Qd1+ 38. Kf2 Qd2+ 39. Kf1 Qc1+
40. Kf2 Qd2+ 41. Kf1 Qc1+ 42. Kf2 1/2-1/2

[Event "I Festival Francophone des Echecs"]
[Site "Arvier ITA"]
[Date "2009.09.27"]
[Round "1"]
[White "Arnaudov, G. Petar"]
[Black "Belabbas, Abdellah"]
[Result "1-0"]
[WhiteElo "2408"]
[BlackElo "1915"]
[PlyCount "59"]
[EventDate "2009.09.27"]

1. d4 Nf6 2. c4 e5 3. dxe5 Ne4 4. a3 a5 5. Nd2 Nc5 6. b3 Be7 7. Ngf3 Nc6 8. g3
d5 9. exd6 Bf6 10. Ra2 Qxd6 11. Bg2 O-O 12. O-O Re8 13. Bb2 Bg4 14. Bxf6 Qxf6
15. Re1 Rad8 16. Qc2 Nd4 17. Nxd4 Rxd4 18. Nf3 Bxf3 19. Bxf3 c6 20. Raa1 Red8
21. Rad1 Ne6 22. Kg2 Ng5 23. Rxd4 Rxd4 24. Qc3 b6 25. h4 Nxf3 26. exf3 g6 27.
c5 Qd8 28. cxb6 Qxb6 29. Re8+ Kg7 30. Rc8 1-0

[Event "I Festival Francophone des Echecs"]
[Site "Arvier ITA"]
[Date "2009.09.27"]
[Round "1"]
[White "Berend, Fred"]
[Black "Coqueraut, Lodewyk"]
[Result "1-0"]
[WhiteElo "2371"]
[BlackElo "1861"]
[PlyCount "67"]
[EventDate "2009.09.27"]

1. d4 d5 2. c4 c6 3. Nf3 Nf6 4. Qc2 g6 5. Nbd2 Bg7 6. e3 O-O 7. Bd3 b6 8. O-O
Bb7 9. b3 Nbd7 10. Bb2 c5 11. Rac1 Rc8 12. Qb1 Ba8 13. Rfd1 Qc7 14. a3 Rfd8 15.
dxc5 dxc4 16. cxb6 Nxb6 17. bxc4 Nbd7 18. Bf1 Nc5 19. Be5 Qa5 20. Qb4 Qxb4 21.
axb4 Nd3 22. Bxd3 Rxd3 23. Bd4 Bxf3 24. gxf3 a6 25. Ra1 Ra8 26. Kf1 Rxd4 27.
exd4 Nd7 28. Nb3 Nb6 29. Na5 e6 30. c5 Nd5 31. Nc6 h5 32. b5 Nc3 33. b6 Nxd1
34. b7 1-0

[Event "I Festival Francophone des Echecs"]
[Site "Arvier ITA"]
[Date "2009.09.27"]
[Round "1"]
[White "De Leeuw, Johannes"]
[Black "Van Hoolandt, Patrick"]
[Result "0-1"]
[WhiteElo "1858"]
[BlackElo "2229"]
[PlyCount "114"]
[EventDate "2009.09.27"]

1. e4 e5 2. Nf3 Nc6 3. Bc4 Bc5 4. c3 Nf6 5. d3 a6 6. O-O d6 7. b4 Ba7 8. Na3 h6
9. Nc2 O-O 10. Be3 d5 11. exd5 Nxd5 12. Bxa7 Rxa7 13. Qe1 Re8 14. Bxd5 Qxd5 15.
Qe4 Be6 16. Qxd5 Bxd5 17. Nd2 Raa8 18. Rfe1 f6 19. a3 Rad8 20. Rad1 b6 21. f3
Bf7 22. Re3 Rd7 23. Ne1 Ne7 24. Nb1 Red8 25. Re2 Bg6 26. Red2 Nd5 27. Kf2 Nf4
28. Ke3 Kf8 29. c4 Ke7 30. Nc3 Bf7 31. g3 Ng6 32. Ne2 Ke8 33. Nc2 Ne7 34. g4 f5
35. h3 f4+ 36. Kf2 Bxc4 37. d4 Nc6 38. Re1 Kf7 39. h4 Bxe2 40. Rexe2 g5 41.
hxg5 hxg5 42. Re4 exd4 43. Ne1 d3 44. Ng2 Re7 45. Ne1 Rxe4 46. fxe4 Nd4 47. Kg2
Ke6 48. Nf3 Nxf3 49. Kxf3 Ke5 50. Rd1 d2 51. a4 Rd3+ 52. Ke2 Kxe4 53. a5 bxa5
54. bxa5 Re3+ 55. Kf2 Kd3 56. Ra1 Re1 57. Ra3+ Kc4 0-1

[Event "I Festival Francophone des Echecs"]
[Site "Arvier ITA"]
[Date "2009.09.27"]
[Round "1"]
[White "Hautot, Stephane"]
[Black "Guillaumat, Jean-Pierre"]
[Result "1-0"]
[WhiteElo "2420"]
[BlackElo "1953"]
[PlyCount "57"]
[EventDate "2009.09.27"]

1. e4 c5 2. Nf3 e6 3. d4 cxd4 4. Nxd4 Nf6 5. Nc3 Nc6 6. Ndb5 d6 7. Bf4 e5 8.
Bg5 a6 9. Na3 Be7 10. Nc4 O-O 11. Bxf6 gxf6 12. Ne3 Be6 13. Ncd5 Kh8 14. Be2
Rg8 15. O-O Rc8 16. c3 Qf8 17. Bg4 Rd8 18. h3 Qg7 19. Nc7 Bxg4 20. hxg4 Rd7 21.
Ncd5 Bd8 22. Qf3 Qg5 23. g3 Rg6 24. Kg2 Ne7 25. Nxe7 Bxe7 26. Rh1 Rg8 27. Rh5
Qg6 28. Rah1 Rdd8 29. Rh6 1-0

[Event "I Festival Francophone des Echecs"]
[Site "Arvier ITA"]
[Date "2009.09.27"]
[Round "1"]
[White "Labarthe, Arnaud"]
[Black "Landenbergue, Claude"]
[Result "0-1"]
[WhiteElo "1871"]
[BlackElo "2403"]
[PlyCount "34"]
[EventDate "2009.09.27"]

1. e4 c5 2. a3 d5 3. exd5 Qxd5 4. Nc3 Qd8 5. Bb5+ Bd7 6. Bxd7+ Qxd7 7. Nge2 Nc6
8. O-O g6 9. f4 Nh6 10. Ng3 Bg7 11. Nce2 Rd8 12. Rb1 O-O 13. b4 c4 14. b5 Na5
15. a4 b6 16. Ba3 Qxd2 17. Bxe7 Qe3+ 0-1

[Event "I Festival Francophone des Echecs"]
[Site "Arvier ITA"]
[Date "2009.09.27"]
[Round "1"]
[White "Saint-Amand, Paul"]
[Black "Marzouk, Amira"]
[Result "1-0"]
[WhiteElo "2131"]
[BlackElo "1703"]
[PlyCount "41"]
[EventDate "2009.09.27"]

1. e4 e5 2. Nf3 Nf6 3. Nxe5 d6 4. Nf3 Nxe4 5. d4 d5 6. Bd3 Bd6 7. O-O O-O 8. c4
c6 9. Nc3 Re8 10. cxd5 cxd5 11. h3 Bc7 12. Re1 Bf5 13. Qb3 Nxc3 14. Rxe8+ Qxe8
15. Bxf5 Ne2+ 16. Kf1 Nxc1 17. Rxc1 g6 18. Qxb7 gxf5 19. Rxc7 Nd7 20. Rxd7 Rb8
21. Qxd5 1-0

[Event "I Festival Francophone des Echecs"]
[Site "Arvier ITA"]
[Date "2009.09.27"]
[Round "1"]
[White "Vandervorst, Pascal"]
[Black "Baciu, Stefan"]
[Result "0-1"]
[WhiteElo "1818"]
[BlackElo "2177"]
[PlyCount "62"]
[EventDate "2009.09.27"]

1. d4 d5 2. Bf4 Nf6 3. e3 e6 4. Bd3 b6 5. Nd2 Bb7 6. c3 Nbd7 7. Ngf3 Be7 8. Ne5
O-O 9. h4 Ne4 10. Nxd7 Qxd7 11. Nf3 Bd6 12. Ne5 Qe8 13. f3 f6 14. Ng4 Bxf4 15.
exf4 Ng3 16. Rh3 Nh5 17. Qd2 c5 18. O-O-O cxd4 19. cxd4 Qd7 20. Nf2 Qd6 21. g3
Kh8 22. Bc2 Rac8 23. Nd3 Rc7 24. Kb1 Rfc8 25. Bb3 Ba6 26. Re1 g6 27. a3 Bc4 28.
Bxc4 dxc4 29. g4 cxd3 30. gxh5 Qxd4 31. Re4 Rc1+ 0-1